Sports Quiz

Random Sports Quiz
Score 0/28 Timer 08:00
0 Plays Today
% Correct
Paris
96.2%
Nantes
94.3%
Montpellier
92.4%
Dunkerque
90.4%
Ivry
88.6%
Toulouse
86.7%
Chambéry
84.2%
Nîmes
82.6%
Aix
79.9%
Créteil
77.3%
Tremblay
75.6%
Cesson-Rennes
74.8%
Chartres
73.8%
Saint-Raphaël
72.5%
% Correct
Istres
68.8%
Dijon
64.4%
Sélestat
62.7%
Saran
54.2%
Massy
52.2%
Pontault-Combault
50.5%
Angers
48.9%
Villeurbanne
35.9%
Billère
34.2%
Aurillac
33.7%
Villefranche
24.4%
Saint-Cyr
22.6%
Livry-Gargan
19.2%
Saint-Marcel Vernon
16.4%
Remove Ads.
Support Sporcle.
Get the best of Sporcle when you Go Orange. This ad-free experience offers more features, more stats, and more fun while also helping to support Sporcle. Thank you for becoming a member.

You're not logged in!

Compare scores with friends on all Sporcle quizzes.
OR
Log In

You Might Also Like...

Show Comments

Extras

Top Quizzes Today


Score Distribution

Your Account Isn't Verified!

In order to create a playlist on Sporcle, you need to verify the email address you used during registration. Go to your Sporcle Settings to finish the process.

Report this User

Report this user for behavior that violates our Community Guidelines.

Details: